| 000 | 00000nam 2200000zi 4500 |
| 001 | 9.872568 |
| 003 | CaOODSP |
| 005 | 20221107163658 |
| 006 | m o d f |
| 007 | cr cn||||||||| |
| 008 | 190506t20192019qucab obs f000 0 fre d |
| 020 | |a9780660308029 |
| 040 | |aCaOODSP|bfre|erda|cCaOODSP |
| 043 | |an-cn--- |
| 045 | |ax9y1 |
| 086 | 1 |aEn4-144/11-2019F-PDF |
| 245 | 00|aIndicateurs canadiens de durabilité de l'environnement : |baires conservées au Canada. |
| 264 | 1|aGatineau (Québec) : |bEnvironnement et changement climatique Canada = Environment and Climate Change Canada, |c2019. |
| 264 | 4|c©2019 |
| 300 | |a1 ressource en ligne (24 pages) : |billustrations en couleur, cartes en couleur |
| 336 | |atexte|btxt|2rdacontent/fre |
| 337 | |ainformatique|bc|2rdamedia/fre |
| 338 | |aressource en ligne|bcr|2rdacarrier/fre |
| 500 | |aPublié aussi en anglais sous le titre : Canadian environmental sustainability indicators: Canada's conserved areas. |
| 500 | |a« Mai 2019. » |
| 500 | |aPublié aussi en format HTML. |
| 504 | |aComprend des références bibliographiques. |
| 520 | |a« Une gestion adéquate des aires conservées aide à préserver les espèces et leur habitat pour les générations présentes et futures en réduisant les pressions directement issues du développement humain. Ces indicateurs font état des proportions du territoire canadien conservé au moyen d'aires protégées et d'autres mesures de conservation » -- Page 5. |
| 650 | 6|aAires protégées|zCanada|vStatistiques. |
| 650 | 6|aIndicateurs écologiques|zCanada. |
| 655 | 7|aStatistiques|2rvmgf |
| 710 | 1 |aCanada. |bEnvironnement et changement climatique Canada, |eorganisme de publication. |
| 775 | 08|tCanadian environmental sustainability indicators : |w(CaOODSP)9.872567 |
| 794 | |tIndicateurs canadiens de durabilité de l'environnement : |w(CaOODSP)9.887066 |
| 795 | |tIndicateurs canadiens de durabilité de l'environnement |w(CaOODSP)9.854109 |
| 856 | 40|qPDF|s1.17 Mo|uhttps://publications.gc.ca/collections/collection_2020/eccc/En4-144-11-2019-fra.pdf |
| 856 | 4 |qHTML|sS.O.|uhttps://www.canada.ca/fr/environnement-changement-climatique/services/indicateurs-environnementaux/aires-conservees.html |